Solutions manual for high-performance communication networks

Αποθηκεύτηκε σε:
Λεπτομέρειες βιβλιογραφικής εγγραφής
Κύριος συγγραφέας: Eskafi, Farokh
Μορφή: Βιβλίο
Γλώσσα:English
Δημοσίευση: San Fransisco, California : Morgan Kaufmann, c1997
Θέματα:
Ετικέτες: Προσθήκη ετικέτας
Δεν υπάρχουν, Καταχωρήστε ετικέτα πρώτοι!

MARC

LEADER 00000cam a2200000 i 4500
001 1/19497
008 010504s1997 eng d
020 |a 1-55860-448-0 
035 |l 10066875 
040 |a GR-MY-UA  |b gre  |e aacr 
041 0 |a eng 
082 0 |a 621.3821 
100 1 |a Eskafi, Farokh. 
245 1 0 |a Solutions manual for high-performance communication networks /  |c Farokh Eskafi 
246 3 4 |a Solutions manual for high-performance communication networks Jean Warland, Pravin Varaiya 
260 |a San Fransisco, California :   |b Morgan Kaufmann,   |c c1997 
300 |a 78 p. 
650 0 0 |a Computer networks. 
650 0 0 |a High performance computing. 
650 0 0 |a Asynchronous transfer mode. 
650 0 0 |a Wireless communication systems. 
852 |a INST  |b CHIOS  |e 20010504  |h 621.3821 ESK  |p 005200016909  |q 005200016909  |t BK  |y 0 
901 |a BIBL2-2001-2 
909 |a Χ  |b 076300 
970 |a ΣΑΛΑΜΟΥΡΑ  |b ΜΑΡΙΑ  |z 2001/05/04